000 00380nas a22001457a 4500
005 20251108175002.0
008 250721s9999 xx || 000 0 eng d
082 1 4 _aR/720/ARC
245 1 0 _aArchitectural Digest : The International Magazine Of Design /
264 1 _a[د.م] :
_b[د.ن],
650 1 7 _aARCHITECTURE
650 1 7 _aDESIGN
942 _2ddc
_cPER
999 _c123194
_d123194